Performance : The Secrets of Successful Behaviour /

How do you improve performance? Performance expert Robin Stuart-Kotze reveals that it's all about behaviour and lets us into the secrets of behavioural change that have helped successful people, teams and managers around the world to get ahead, and stay ahead. "Fiddle around with spread-sh...

Full description

Bibliographic Details
Main Author: Stuart-Kotze, Robin (Author)
Corporate Author: Safari, an O'Reilly Media Company
Format: eBook
Language:English
Published: Pearson Education Canada, 2006.
Edition:1st edition.
Subjects:
Online Access:Connect to this electronic resource

MARC

Tag First Indicator Second Indicator Subfields
LEADER 00000uam a2200000 a 4500
001 in00004257906
005 20260128222404.3
006 m o d
007 cr cn
008 130513s2006 xx o eng
020 |z 9780273707981 
020 |z 0273707981 
035 |a (CaSebORM)9780273707981 
040 |d UtOrBLW 
041 0 |a eng 
100 1 |a Stuart-Kotze, Robin,  |e author.  |0 http://id.loc.gov/authorities/names/n79107956 
245 1 0 |a Performance :  |b The Secrets of Successful Behaviour /  |c Stuart-Kotze, Robin. 
250 |a 1st edition. 
264 1 |b Pearson Education Canada,  |c 2006. 
300 |a 1 online resource (264 pages) 
336 |a text  |b txt  |2 rdacontent 
337 |a computer  |b c  |2 rdamedia 
338 |a online resource  |b cr  |2 rdacarrier 
347 |a text file 
520 |a How do you improve performance? Performance expert Robin Stuart-Kotze reveals that it's all about behaviour and lets us into the secrets of behavioural change that have helped successful people, teams and managers around the world to get ahead, and stay ahead. "Fiddle around with spread-sheets if you must, but if you want to improve the performance of your business focus on the behaviour of your leaders.  This book is a must-read". Norman Green, Chief Operating Officer, Herbert Smith "I was so taken by the principles in this book that it will be essential reading for all our senior management in Europe". Denny Kalman, HR Director, Panasonic Europe. "This is an essential read for all our managers and HR professionals. It successfully links practical, observable insights into the need for behavioural change with easy to adopt tips on measurement when driving for high performance". Margaret Savage, Director HR Strategy and Systems, BT Group plc. "A must read for anyone seeking to create organisational change and to encourage high team and personal performance. Powerful insights and everyday language - a winning combination!" Chris Dunn, Business Development Director, AdviserPlus "Improving performance is essential for all companies and individuals. Reading this book will be the best investment you make this year". George Campbell, President, Fall Line Systems, Canada "This book hits the nail right on the head; its behaviour that drives performance and nothing else. It's what you do that gets results". Nigel Melville, former England Rugby Union Captain 
533 |a Electronic reproduction.  |b Boston, MA :  |c Safari,  |n Available via World Wide Web.  |d 2006. 
538 |a Mode of access: World Wide Web. 
542 |f © Pearson Education Limited 2006  |g 2006 
588 |a Online resource; Title from title page (viewed May 25, 2006) 
500 |a Electronic resource. 
655 7 |a Electronic books.  |2 local 
710 2 |a Safari, an O'Reilly Media Company. 
856 4 0 |u https://proxy.library.tamu.edu/login?url=https://go.oreilly.com/TAMU/library/view/-/9780273707981/?ar  |z Connect to this electronic resource  |t 0 
999 f f |s 3a927ede-f15d-32b5-aba7-27f88ded7bb1  |i d823faf2-a7c6-3d3c-9bd5-e90b050168e6  |t 0 
952 f f |a Texas A&M University  |b College Station  |c Electronic Resources  |s www_evans  |d Available Online  |t 0  |h No information provided 
998 f f |t 0  |l Available Online